KÈNOSIS (Registro nro. 68708)
[ vista simple ]
| 000 -CABECERA | |
|---|---|
| campo de control de longitud fija | 00809nam a22002537a 4500 |
| 003 - IDENTIFICADOR DEL NÚMERO DE CONTROL | |
| campo de control | BPGM |
| 008 - DATOS DE LONGITUD FIJA--INFORMACIÓN GENERAL | |
| campo de control de longitud fija | 260630s20071999mx ||||| ||||o001 p spa|d |
| 020 ## - NÚMERO INTERNACIONAL ESTÁNDAR DEL LIBRO | |
| Número Internacional Estándar del Libro | ISBN 978-968-9350-09-5 |
| 040 ## - FUENTE DE LA CATALOGACIÓN | |
| Lengua de catalogación | SPA |
| 041 ## - CÓDIGO DE LENGUA | |
| Código de lengua del texto/banda sonora o título independiente | SPA |
| Código de lengua original | SPA |
| 100 ## - ENTRADA PRINCIPAL--NOMBRE DE PERSONA | |
| Nombre de persona | BALTAZAR RESENDIZ |
| 240 ## - TÍTULO UNIFORME | |
| Título uniforme | KÈNOSIS |
| 242 ## - TÍTULO TRADUCIDO POR EL CENTRO/AGENCIA CATALOGADOR | |
| Título | KÈNOSIS |
| 245 ## - MENCIÓN DE TÍTULO | |
| Título | KÈNOSIS |
| Resto del título | BALTAZAR RESÈNDIZ |
| 250 ## - MENCIÓN DE EDICIÓN | |
| Mención de edición | EJ.1 |
| 260 ## - PUBLICACIÓN, DISTRIBUCIÓN, ETC. | |
| Lugar de publicación, distribución, etc. | Fondo Editorial del Estado de Querétaro |
| Nombre del editor, distribuidor, etc. | Gobierno del Estado de Querétaro |
| Fecha de publicación, distribución, etc. | JULIO DEL AÑO 2007 |
| 300 ## - DESCRIPCIÓN FÍSICA | |
| Extensión | 108 paginas |
| Dimensiones | 16,2cmx 11cm |
| 336 ## - TIPO DE CONTENIDO | |
| Fuente | rdacontent |
| Término de tipo de contenido | texto |
| Código de tipo de contenido | txt |
| 337 ## - TIPO DE MEDIO | |
| Fuente | rdamedia |
| Nombre/término del tipo de medio | sin mediación |
| Código del tipo de medio | n |
| 338 ## - TIPO DE SOPORTE | |
| Fuente | rdacarrier |
| Nombre/término del tipo de soporte | volumen |
| Código del tipo de soporte | nc |
| 650 ## - PUNTO DE ACCESO ADICIONAL DE MATERIA--TÉRMINO DE MATERIA | |
| Término de materia o nombre geográfico como elemento de entrada | POESIA ESPAÑOLA |
| Subdivisión de forma | LITERATURA Y RETORICA |
| Subdivisión general | ORGANIZACIONES GENERALES Y MUSEOLOGIA |
| 700 ## - PUNTO DE ACCESO ADICIONAL--NOMBRE DE PERSONA | |
| Nombre de persona | BALTAZAR KÈNOSIS |
| Término indicativo de función/relación | Autor / Poeta |
| 942 ## - ELEMENTOS DE PUNTO DE ACCESO ADICIONAL (KOHA) | |
| Fuente del sistema de clasificación o colocación | Dewey Decimal Classification |
| Tipo de ítem Koha | Colección Querétaro |
| Estado de retiro | Estado de pérdida | Fuente del sistema de clasificación o colocación | Estado dañado | No para préstamo | Localización permanente | Ubicación/localización actual | Fecha de adquisición | Fuente de adquisición | Total de préstamos | Fecha visto por última vez | Número de copia | Precio válido a partir de | Tipo de ítem Koha |
|---|---|---|---|---|---|---|---|---|---|---|---|---|---|
| Dewey Decimal Classification | BIBLIOTECA PÚBLICA CENTRAL ESTATAL “FRANCISCO CERVANTES” | BIBLIOTECA PÚBLICA CENTRAL ESTATAL “FRANCISCO CERVANTES” | 06/30/2026 | DONACION | 06/30/2026 | EJ, | 06/30/2026 | Colección Querétaro | |||||
| Dewey Decimal Classification | BIBLIOTECA PÚBLICA CENTRAL ESTATAL “FRANCISCO CERVANTES” | BIBLIOTECA PÚBLICA CENTRAL ESTATAL “FRANCISCO CERVANTES” | 06/30/2026 | DONACION | 06/30/2026 | EJ.2 | 06/30/2026 | Colección Querétaro | |||||
| Dewey Decimal Classification | BIBLIOTECA PÚBLICA CENTRAL ESTATAL “FRANCISCO CERVANTES” | BIBLIOTECA PÚBLICA CENTRAL ESTATAL “FRANCISCO CERVANTES” | 06/30/2026 | DONACION | 06/30/2026 | EJ.3 | 06/30/2026 | Colección Querétaro |